Southville International School and Colleges
Your cart is empty.
  • Cart
  • Lists
    Public lists Eva Luna New books Lux_list list_1
    Your lists Log in to create your own lists
  • Log in to your account
  • Your cookies
  • Search history
Southville International School and Colleges
  • Advanced search
  • Recent comments
  • Most popular
  • Libraries

Log in to your account

Log in with GOOGLE


If you do not have an external account, but do have a local account, you can still log in:

  1. Home
  2. MARC view: Management consultancy /
Normal view MARC view ISBD view

Management consultancy / (Record no. 305359)

[ view plain ]
MARC details
000 -LEADER
fixed length control field 01340cam a22003378i 4500
001 - CONTROL NUMBER
control field 18674993
003 - CONTROL NUMBER IDENTIFIER
control field SISC
005 - DATE AND TIME OF LATEST TRANSACTION
control field 20161207020303.0
008 - FIXED-LENGTH DATA ELEMENTS--GENERAL INFORMATION
fixed length control field 150626s2016 nyu b 001 0 eng
010 ## - LIBRARY OF CONGRESS CONTROL NUMBER
LC control number 2015018622
020 ## - INTERNATIONAL STANDARD BOOK NUMBER
International Standard Book Number 9781138798830 (hardback)
020 ## - INTERNATIONAL STANDARD BOOK NUMBER
International Standard Book Number 9781138798847 (pbk.)
020 ## - INTERNATIONAL STANDARD BOOK NUMBER
Cancelled/invalid ISBN 9781315756356 (ebook)
040 ## - CATALOGING SOURCE
Original cataloging agency DLC
Language of cataloging eng
Transcribing agency DLC
Description conventions rda
042 ## - AUTHENTICATION CODE
Authentication code pcc
050 00 - LIBRARY OF CONGRESS CALL NUMBER
Classification number HD 69.C6
Item number .W58 2016
082 00 - DEWEY DECIMAL CLASSIFICATION NUMBER
Classification number 001
100 1# - MAIN ENTRY--PERSONAL NAME
Personal name Witzel, Morgen.
245 10 - TITLE STATEMENT
Title Management consultancy /
Statement of responsibility, etc Morgen Witzel.
250 ## - EDITION STATEMENT
Edition statement 1st Edition.
260 ## - PUBLICATION, DISTRIBUTION, ETC. (IMPRINT)
Place of publication, distribution, etc NY :
Name of publisher, distributor, etc Routledge,
Date of publication, distribution, etc 2016.
263 ## - PROJECTED PUBLICATION DATE
Projected publication date 1512
300 ## - PHYSICAL DESCRIPTION
Extent 167 pages ;
Dimensions 24 cm.
500 ## - GENERAL NOTE
General note Includes bibliographical references and index.
505 0# - FORMATTED CONTENTS NOTE
Formatted contents note Introduction -- What consultancy is -- What is management consultancy? -- From company doctors to strategic partners -- The roles of the consultant 5. the client -- What consultants do -- Analysis -- Problem solving and capacity building -- Impact -- Failure and recovery -- Issues in management consultancy -- Ethics in management consultancy -- Consultancy and sustainability -- A career in consultancy.
650 #0 - SUBJECT ADDED ENTRY--TOPICAL TERM
Topical term or geographic name as entry element Business consultants.
650 #0 - SUBJECT ADDED ENTRY--TOPICAL TERM
Topical term or geographic name as entry element Management.
906 ## - LOCAL DATA ELEMENT F, LDF (RLIN)
a 7
b cbc
c orignew
d 1
e ecip
f 20
g y-gencatlg
942 ## - ADDED ENTRY ELEMENTS (KOHA)
Source of classification or shelving scheme Library of Congress Classification
Koha item type Books
Holdings
Withdrawn status Lost status Source of classification or shelving scheme Damaged status Home library Current library Shelving location Date acquired Source of acquisition Cost, normal purchase price Sub Shelving location Total Checkouts Full call number Barcode Date last seen Price effective from Koha item type
    Library of Congress Classification   College Library College Library Graduate Section 12/07/2016 Library Fund 5099.00     HD 69.C6 .W58 2016 C20816 03/14/2017 12/07/2016 Books

Management consultancy /

APA

Witzel M., . (2016). Management consultancy. NY: Routledge.

Chicago

Witzel Morgen, . 2016. Management consultancy. NY: Routledge.

Harvard

Witzel M., . (2016). Management consultancy. NY: Routledge.

MLA

Witzel Morgen, . Management consultancy. NY: Routledge. 2016.

  • Place hold
  • Print
  • Cite
  • Add to your cart (remove)
  • Save record
    BIBTEX Dublin Core MARCXML MARC (non-Unicode/MARC-8) MARC (Unicode/UTF-8) MARC (Unicode/UTF-8, Standard) MODS (XML) RIS
  • More searches
    Search for this title in:
    Other Libraries (WorldCat) Other Databases (Google Scholar) Online Stores (Bookfinder.com) Open Library (openlibrary.org)

Exporting to Dublin Core...

SOUTHVILLE LIBRARY

Southville International School and Colleges Library

1281 Tropical Ave. Cor. Luxembourg St., BF Homes International, Las Pinas City

Tel. No. 8256374 / 252358 Loc. 117/146

Powered by Koha